Estatísticas para Países e Capitais por Bandeira

Clique aqui para jogar o quiz

Estatísticas Gerais

  • Esse quiz foi jogado 51 vezes
  • A pontuação média é 61 de 196

Estatísticas das Respostas

Resposta% Correto
Camberra, Australia
98%
Wellington, Nova Zelândia
88%
Rabat, Marrocos
80%
Cidade do Panama, Panama
68%
Cairo, Egito
65%
Londres, Reino Unido
65%
Podgorica, Montenegro
65%
Havana, Cuba
63%
Buenos Aires, Argentina
60%
Georgetown, Guiana
60%
Quito, Equador
60%
Tunis, Tunisia
60%
Kiev, Ucrânia
58%
Moscou, Rússia
58%
Baku, Azerbaijão
55%
Berlim, Alemanha
55%
Dublin, Irlanda
55%
Roma, Itália
55%
Ancara, Turquia
53%
Bratislava, Eslováquia
53%
Estocolmo, Suécia
53%
Luxemburgo, Luxemburgo
53%
Nova Deli, Índia
53%
Oslo, Noruega
53%
Ottawa, Canadá
53%
Tripoli, Líbia
53%
Banguecoque, Tailândia
50%
Brasília, Brasil
50%
Cidade do México, México
50%
Madri, Espanha
50%
Amsterdão, Países Baixos
48%
Andorra-a-Velha, Andorra
48%
Berna, Suíca
48%
Copenhaga, Dinamarca
48%
Seul, Coréia do Sul
48%
Belgrado, Sérvia
45%
Bruxelas, Bélgica
45%
Damasco, Síria
45%
Doha, Qatar
45%
Tóquio, Japão
45%
Atenas, Grécia
43%
Budapeste, Hungria
43%
Dakar, Senegal
43%
Kingston, Jamaica
43%
Maputo, Moçambique
43%
Montevidéu, Uruguai
43%
Praga, Chequia
43%
San Marino, San Marino
43%
Varsóvia, Polônia
43%
Vilnius, Lituânia
43%
Zagreb, Croácia
43%
Bagdá, Iraque
40%
Katmandu, Nepal
40%
Kuala Lumpur, Malásia
40%
Lisboa, Portugal
40%
Luanda, Angola
40%
Manágua, Nicarágua
40%
Pyongyang, Coréia do Norte
40%
Santo Domingo, Republica Dominicana
40%
Viena, Austria
40%
Washington, Estados Unidos
40%
Assunção, Paraguai
38%
Bissau, Guiné Bissau
38%
Caracas, Venezuela
38%
CIdade da Guatemala, Guatemala
38%
Erevan, Armenia
38%
Islamabad, Paquistão
38%
Jakarta, Indonesia
38%
Jerusalém, Israel
38%
Nairóbi, Quênia
38%
Paris, França
38%
Pequim, China
38%
Praia, Cabo Verde
38%
Riade, Arábia Saudita
38%
Santiago, Chile
38%
Accra, Gana
35%
Argel, Argélia
35%
Brazzaville, República do Congo
35%
Kabul, Afeganistão
35%
Lima, Peru
35%
Riga, Letônia
35%
San Jose, Costa Rica
35%
San salvador, El Salvador
35%
Tallinn, Estônia
35%
Adis Abeba, Etiópia
33%
Bogotá, Colômbia
33%
La Paz, Bolívia
33%
Manila, Filipinas
33%
Minsk, Bielorússia
33%
Ndjamena, Chade
33%
Paramaribo, Suriname
33%
Reykjavik, Islândia
33%
Sofia, Bulgária
33%
Suva, Fiji
33%
Teerã, Irã
33%
Ulã Bator, Mongolia
33%
Yaounde, Camarões
33%
Yaren, Nauru
33%
Beirute, Líbano
30%
Chisinau, Moldávia
30%
Hanói, Vietnã
30%
Mônaco, Mônaco
30%
Sarajevo, Bosnia e Herzegovina
30%
Taipei, Taiwan
30%
Tegucigalpa, Honduras
30%
Tirana, Albânia
30%
Vientiane, Laos
30%
Astana, Cazaquistão
28%
Cidade do Vaticano, Vaticano
28%
Djibouti, Djibouti
28%
Helsinque, Finlândia
28%
Monrovia, Libéria
28%
Nassau, Bahamas
28%
Nicósia, Chipre
28%
Porto Príncipe, Haiti
28%
Pretoria, África do Sul
28%
Victoria, Seychelles
28%
Apia, Samoa
25%
Bucareste, Romenia
25%
Kinshasa, República Democrática do Congo
25%
Pristina, Kosovo
25%
Singapura, Singapura
25%
Vaduz, Liechtenstein
25%
Abu Dabi, Emirados Árabes Unidos
23%
Asmara, Eritreia
23%
Manama, Barein
23%
Sana, Iémen
23%
Skopje, Macedonia do Norte
23%
Bamako, Mali
20%
Bandar Seri Begawan, Brunei
20%
Basseterre, São Cristóvão e Nevis
20%
Cartum, Sudão
20%
Cotonou, Benin
20%
Duchambé, Tajiquistão
20%
Honiara, Ilhas Salomão
20%
Kigali, Ruanda
20%
Mogadíscio, Somalia
20%
São Tomé, São Tomé e Príncipe
20%
Valletta, Malta
20%
Windhoek, Namibia
20%
Abuja, Nigéria
18%
Bisqueque, Quirguistão
18%
Daca, Bangladesh
18%
Juba, Sudão do Sul
18%
Libreville, Gabão
18%
Ljubljana, Eslovênia
18%
Lusaka, Zâmbia
18%
Mascate, Omã
18%
St. John's, Antígua e Barbuda
18%
Antananarivo, Madagascar
15%
Asgabate, Turcomenistão
15%
Bangui, República Centro-Africana
15%
Dili, Timor-Leste
15%
Gitega, Burundi
15%
Kampala, Uganda
15%
Naypyidaw, Mianmar
15%
Niamey, Níger
15%
Porto Moresby, Papua Nova Guiné
15%
Saint George's, Granada
15%
Tbilisi, Georgia
15%
Belmopan, Belize
13%
Bridgetown, Barbados
13%
Castries, Santa Lúcia
13%
Dodoma, Tanzânia
13%
Freetown, Serra Leoa
13%
Gaborone, Botsuana
13%
Lomé, Togo
13%
Malabo, Guiné Equatorial
13%
Malé, Maldivas
13%
Tarawa, Quiribati
13%
Tashkent, Uzbequistão
13%
Aman, Jordânia
10%
Banjul, Gâmbia
10%
Funafuti, Tuvalu
10%
Harare, Zimbábue
10%
Kingstown, São Vicente e Granadinas
10%
Majuro, Ilhas Marshall
10%
Maseru, Lesoto
10%
Moroni, Comores
10%
Ngerulmud, Palau
10%
Palikir, E.F. da Micronesia
10%
Roseau, Dominica
10%
Conacri, Guiné
8%
Mbabane, Essuatíni
8%
Nouakchott, Mauritania
8%
Nukualofa, Tonga
8%
Ouagadougou, Burkina Faso
8%
Porto Louis, Ilhas Maurício
8%
Yamoussoukro, Costa do Marfim
8%
Lilongwe, Malawi
5%
Phnom Penh, Camboja
5%
Porto de Espanha, Trinidad e Tobago
5%
Port Vila, Vanuatu
5%
Timpu, Butão
5%
Cidade do Kuwait, Kuwait
3%
Sri Jayawardenapura Kotte, Sri Lanka
3%

Distribuição das Pontuações

Percentil de Números Respondidos

Porcentagem de Pessoas com Cada Pontuação

Sua Pontuação Histórica

Você não jogou esse quiz